01100nam a2200229 a 450000100100000000500170001000800410002704000250006808200180009310000270011124500740013826000410021230000200025365100320027365100420030504900090034795201300035695201300048695201160061695201210073299900170085300002139420200930011319.0100907s1964 dr 000 0 spa d aDO-SdBNPbspacBNPHU a323.64bS197m1 aSanabia, Emilio94464910aMartirio de los exiliados políticos de América /cEmilio Sanabia. aSanto Domingo :bArte y Cine,c1964. a86 p. ;c25 cm. 4aAméricaxExiliados944650 4aAméricaxExiliados Politicos944651 aBNPD 001054708DSaGRbGRcCTd2010-09-07iLF1l0o323.64 S197mp21394-30r2020-06-25te.3w2020-06-25yLFDSZPréstamo en sala 001054708DSaGRbGRcCTd2010-09-07iLF1l0o323.64 S197mp21394-40r2020-06-25te.4w2020-06-25yLFDSZPréstamo en sala 0010718PDaPDbPDcCTd2010-09-07iLF1l0o323.64 S197mp21394-10r2020-06-25w2020-06-25yLFPDZNo se presta 0010718PDaPDbPDcCTd2010-09-07iLF1l0o323.64 S197mp21394-20r2020-06-25te.2w2020-06-25yLFPDZNo se presta c20894d20894